000
00291nam a2200133Ia 4500
008
240624s9999 xx 000 0 und d
041
_a
eng
082
_a
823 WOD
100
_a
WODEHOUSE P G
245
_a
JEEVES OMNIBUS
260
_c
1993
_a
London
_b
Hutchinson
365
_c
RS
440
_v
2
999
_c
21493
_d
21493